000 00559nam a2200169Ia 4500
003 GCL
008 140319s9999 xx 000 0 ara d
040 _aGCL /
_cGCL
082 0 4 _aد
_b050
100 1 _aعبدالعزيز الدسوقى
245 1 0 _aشوقى ضيف رائد النقد والدراسات الادبية ( اقرا 542 ) /
_cعبدالعزيز الدسوقى
300 _a153 ص
490 _aوثائق ونصوص
_v0
650 0 4 _aالادب العربى - تاريخ ونقد
650 0 4 _aالرجال - تراجم
942 _2ddc
_cCF
999 _c27397
_d27397